Animals of India - Sudden Death - Statistics

General Stats
  • This quiz has been taken 69 times
  • The average score is 5 of 16
Answers on the Grid
Answers color-coded by a green-red scale on the quiz's grid according to % correct below.
Skinks
Hyenas
Pikas
Marmots
Lions
Foxes
Bears
Rhinoceroses
Porcupines
Owls
Parakeets
Finches
Hornbills
Squirrels
Kingfishers
Herons
Meerkats
Warthogs
Cardinals
Baboons
Amphisbaenians
Tapirs
Slow worms
Titmice
Cuscuses
Flying Lemurs
Tegus
Hyraxes
Servals
Elephant Shrews
Skunks
Alligator Lizards
 
Answer Stats
Answer % Correct
Bears
57%
Lions
48%
Rhinoceroses
45%
Owls
36%
Foxes
33%
Hyenas
31%
Squirrels
31%
Herons
29%
Kingfishers
29%
Parakeets
29%
Porcupines
26%
Finches
24%
Hornbills
24%
Skinks
19%
Marmots
14%
Pikas
10%
No matching quizzes found
Score Distribution
Percent of People with Each Score
Percentile by Number Answered
Your Score History
You have not taken this quiz